| 000 | 00592nam a22001937a 4500 | ||
|---|---|---|---|
| 005 | 20251108172205.0 | ||
| 008 | 250721s1988 xx 000 0 ara d | ||
| 082 | 1 | 4 | _a631.8/كام |
| 100 | 1 | _aجواد، كامل سعيد | |
| 245 | 1 | 0 | _aخصوبة التربة و التسميد / |
| 264 | 1 |
_aبغداد : _bوزارة التعليم العالي و البحث العلمي، _c1988. |
|
| 300 | _a391ص | ||
| 650 | 1 | 7 | _aالأسمدة |
| 650 | 1 | 7 | _aالتربة |
| 700 | 1 | _aحمزه، محمد علي | |
| 700 | 1 | _aعلوش، حسن كاظم | |
| 942 |
_2ddc _cBK |
||
| 999 |
_c72739 _d72739 |
||